[Event "SUI-ch Seniors"]
[Site "Flims"]
[Date "2012.07.??"]
[Round "2"]
[White "Zesiger, Horst"]
[Black "Hohler, Peter"]
[Result "1/2-1/2"]
[WhiteElo "2107"]
[BlackElo "2194"]
[PlyCount "26"]
[EventDate "2012.07.??"]
[EventType "tourn"]
[EventRounds "7"]
[EventCountry "SUI"]
[SourceTitle "EXT 2013"]
[Source "ChessBase"]
[SourceDate "2012.11.22"]
[SourceVersion "1"]
[SourceVersionDate "2012.11.22"]
[SourceQuality "1"]

1. d4 Nf6 2. Nf3 e6 3. e3 b6 4. Bd3 Bb7 5. 0-0 d6 6. c4 Nbd7 7. Nc3 Be7 8. b3 0-0 9. Bb2 Re8 10. Qc2 h6 11. Nd2 e5 12. Rae1 Bf8 13. Nde4 Nxe4 1/2-1/2

[Event "Verbandsliga Sued Baden 1112"]
[Site "Germany"]
[Date "2012.01.29"]
[Round "5.2"]
[White "Goerg, Joachim"]
[Black "Zesiger, Horst"]
[Result "1/2-1/2"]
[WhiteElo "2140"]
[BlackElo "2107"]
[PlyCount "40"]
[EventDate "2011.10.09"]
[EventType "team-tourn"]
[EventRounds "9"]
[EventCountry "GER"]
[SourceTitle "EXT 2013"]
[Source "ChessBase"]
[SourceDate "2012.11.22"]
[SourceVersion "1"]
[SourceVersionDate "2012.11.22"]
[SourceQuality "1"]
[WhiteTeam "Brombach"]
[BlackTeam "Engen"]
[WhiteTeamCountry "GER"]
[BlackTeamCountry "GER"]

1. e4 e5 2. Nf3 Nf6 3. Nxe5 d6 4. Nf3 Nxe4 5. Nc3 Nxc3 6. dxc3 Be7 7. Be3 c6 8. Qd2 Qa5 9. Bd3 Nd7 10. 0-0 Ne5 11. Nd4 Nxd3 12. Qxd3 0-0 13. Rfe1 Bf6 14. Bf4 Be5 15. Bxe5 dxe5 16. Nb3 Qc7 17. Rad1 Bg4 18. f3 Rfd8 19. Qe3 Rxd1 20. Rxd1 Bf5 1/2-1/2

[Event "SUI-ch Seniors"]
[Site "Lenzerheide"]
[Date "2010.07.14"]
[Round "7"]
[White "Zesiger, Horst"]
[Black "Valencak, Stanislav"]
[Result "1-0"]
[WhiteElo "2144"]
[BlackElo "1992"]
[PlyCount "99"]
[EventDate "2010.07.08"]
[EventType "tourn"]
[EventRounds "9"]
[EventCountry "SUI"]
[SourceTitle "CBM 137 Extra"]
[Source "ChessBase"]
[SourceDate "2010.09.01"]
[SourceVersion "1"]
[SourceVersionDate "2010.09.01"]
[SourceQuality "1"]

1. d4 Nf6 2. c4 e6 3. Nf3 d5 4. Nc3 c6 5. e3 Bb4 6. Bd3 0-0 7. 0-0 Bxc3 8. bxc3 Ne4 9. Ba3 Re8 10. Qc2 f5 11. Ne5 Nd7 12. f3 Nxe5 13. dxe5 Ng5 14. Bd6 Nf7 15. c5 b6 16. Qa4 b5 17. Qd4 a5 18. e4 dxe4 19. fxe4 g6 20. Rae1 Nh6 21. exf5 gxf5 22. Qf4 Nf7 23. Rf3 Kh8 24. Rg3 Rg8 25. Ree3 Rg6 26. Be2 Ra7 27. Bh5 Rg8 28. Rxg8+ Kxg8 29. Rg3+ Kh8 30. Bxf7 Rxf7 31. Qh6 b4 32. cxb4 axb4 33. h4 Bd7 34. Rg6 Bc8 35. Kh2 Qe8 36. Kh3 Ra7 37. Rf6 Rf7 38. Qh5 Kg8 39. Rxf7 Qxf7 40. Qg5+ Kh8 41. Kh2 Ba6 42. Qd8+ Kg7 43. Be7 Bc4 44. Bf6+ Kg6 45. h5+ Kxh5 46. Qd1+ Kg6 47. Qc1 h6 48. Qxc4 Kh7 49. Qxb4 Qh5+ 50. Qh4 1-0